Cold cereal / (Record no. 4144)

MARC details
000 -LEADER
fixed length control field 00843nam a22002657a 4500
001 - CONTROL NUMBER
control field 4144
003 - CONTROL NUMBER IDENTIFIER
control field FISKH
005 - DATE AND TIME OF LATEST TRANSACTION
control field 20240612140138.0
008 - FIXED-LENGTH DATA ELEMENTS--GENERAL INFORMATION
fixed length control field 240612b cb ||||| |||| 00| 0 eng d
020 ## - INTERNATIONAL STANDARD BOOK NUMBER
International Standard Book Number 9780545603393
040 ## - CATALOGING SOURCE
Original cataloging agency FISKH
Language of cataloging eng
Transcribing agency FISKH
Modifying agency FISKH
050 ## - LIBRARY OF CONGRESS CALL NUMBER
Classification number PZ7.B26615
082 ## - DEWEY DECIMAL CLASSIFICATION NUMBER
Classification number 813.7
100 ## - MAIN ENTRY--PERSONAL NAME
Personal name Rex Adam
Dates associated with a name 1973-
245 ## - TITLE STATEMENT
Title Cold cereal /
Statement of responsibility, etc. Adam Rex
260 ## - PUBLICATION, DISTRIBUTION, ETC.
Place of publication, distribution, etc. New York :
Name of publisher, distributor, etc. Scholastic,
Date of publication, distribution, etc. 2013
300 ## - PHYSICAL DESCRIPTION
Extent 421 pages :
Dimensions 20 cm
505 ## - FORMATTED CONTENTS NOTE
Formatted contents note M<br/>
520 ## - SUMMARY, ETC.
Summary, etc. A boy who may be part changeling, twins involved in a bizarre secret experiment, and a clurichaun in a red tracksuit try to save the world from an evil cereal company whose ultimate goal is world domination.<br/>
521 8# - TARGET AUDIENCE NOTE
Target audience note 770<br/>
Source Lexile<br/>
521 8# - TARGET AUDIENCE NOTE
Target audience note M<br/>
Source Raz-Plus<br/>
700 ## - ADDED ENTRY--PERSONAL NAME
Personal name Adam Rex
942 ## - ADDED ENTRY ELEMENTS (KOHA)
Source of classification or shelving scheme Dewey Decimal Classification
Koha item type Books
Suppress in OPAC No
Holdings
Withdrawn status Lost status Source of classification or shelving scheme Damaged status Not for loan Collection Home library Current library Shelving location Date acquired Total Checkouts Full call number Barcode Date due Date last seen Date last checked out Copy number Price effective from Koha item type
    Dewey Decimal Classification     Fiction Footprints International School Library Network Toul Kork Campus Footprints International School Library Network Toul Tom Poung Campus   06/12/2024 1 REX PZ7.B26615 813.7 2024-0874 04/22/2026 04/08/2026 04/08/2026 1 06/12/2024 Books